Psicología de la creatividad

Tallennettuna:
Bibliografiset tiedot
Päätekijä: Romo, Manuela (Tekijä)
Aineistotyyppi: Kirja
Kieli:espanja
Julkaistu: Barcelona Paidós 1997
Sarja:Temas de Psicología, 1
Aiheet:
Tagit: Lisää tagi
Ei tageja, Lisää ensimmäinen tagi!

MARC

LEADER 00000nam a2200000 a 4500
001 UCS7258
003 CL-VaPUC
008 971010e19970000SP |||||||||||||||||spa|d
082 0 4 |a 153.35  |b ROM  |2 21 
100 0 |a Romo, Manuela  |e author  |9 392428 
245 1 0 |a Psicología de la creatividad 
300 |a 177 p 
942 |c BK 
945 |d 19971010 00:00:00  |a jquezada 
260 |a Barcelona  |b Paidós  |c 1997 
650 0 |a Psicología del aprendizaje  |9 306854 
650 0 |a Creatividad   |9 310816 
650 0 |a Imaginación  |9 269378 
650 0 |a Inteligencia  |9 267038 
583 |a last modification  |c 19971010 00:00:00  |k Rodrigo Vera 
490 0 |a Temas de Psicología, 1 
999 |c 262477  |d 262475 
952 |0 0  |1 0  |4 0  |6 153_350000000000000_ROM_1997  |7 0  |8 A  |9 291001  |a FDOPOS  |b FDOPOS  |d 2019-11-19  |i 3354105  |o 153.35 ROM 1997  |p 3354105  |r 2025-01-22  |w 2019-11-19  |y BK  |k MLA 
952 |0 0  |1 0  |4 0  |6 153_350000000000000_ROM_1997  |7 0  |8 A  |9 291002  |a FDOPOS  |b FDOPOS  |d 2019-11-19  |i 3353613  |o 153.35 ROM 1997  |p 3353613  |r 2025-01-22  |w 2019-11-19  |y BK  |k MLA